| 000 | 00867nam a2200253Ia 4500 | ||
|---|---|---|---|
| 005 | 20220204174110.0 | ||
| 008 | 210716s2007 xx 000 0 und d | ||
| 020 | _a9788126551262 | ||
| 040 | _cAIMIT LIBRARY | ||
| 041 | _aeng | ||
| 082 |
_a657.48 _27 _bKIMP |
||
| 100 |
_aKimmel, Paul D. _916964 |
||
| 245 |
_aFinancial accounting : _btools for business decision making / _cBy Paul D. Kimmel , Jerry J. Weygandt and Donald E.Kieso. |
||
| 250 | _a7th ed. | ||
| 260 |
_aNew Jersey : _bJohn Wiley and Sons , _c2010. |
||
| 300 |
_axiv,649p,A26-I20p. _c27.7 cm. |
||
| 650 |
_aFinancial Accounting _916965 |
||
| 650 |
_aFinancial Statements _916966 |
||
| 650 |
_aThe Accounting Information _916967 |
||
| 650 |
_aAccural Accounting Concepts _916968 |
||
| 700 |
_aWeygandt, Jerry J. _916969 |
||
| 700 |
_aKieso, Donald E. _916970 |
||
| 942 |
_2ddc _cBK _e7th _k657.48 KIMP |
||
| 999 |
_c209168 _d209168 |
||